[Event "Helsingor Xtracon op"]
[Site "Helsingor"]
[Date "2019.07.24"]
[Round "6"]
[White "Ben Porat, Zeev"]
[Black "Liabotro, Ola"]
[Result "1/2-1/2"]
[WhiteElo "1888"]
[BlackElo "2081"]
[PlyCount "35"]
[EventDate "2019.07.20"]
[EventType "swiss"]
[EventRounds "10"]
[EventCountry "DEN"]
[SourceTitle "CBM 191 Extra"]
[Source "ChessBase"]
[SourceDate "2019.09.30"]
[SourceVersion "1"]
[SourceVersionDate "2019.09.30"]
[SourceQuality "1"]

1. e4 c5 2. Nc3 Nc6 3. f4 g6 4. Nf3 Bg7 5. Bb5 Nd4 6. 0-0 Nxb5 7. Nxb5 d5 8. e5 a6 9. Nc3 b5 10. d4 c4 11. Ne2 a5 12. a3 Bb7 13. Qe1 Qb6 14. Bd2 Nh6 15. h3 f6 16. Kh1 Kd7 17. g4 Nf7 18. Ng3 1/2-1/2

[Event "La Fere op"]
[Site "La Fere"]
[Date "2010.07.03"]
[Round "1"]
[White "Degraeve, Jean Marc"]
[Black "Ben Porat, Zeev"]
[Result "1-0"]
[WhiteElo "2563"]
[BlackElo "1977"]
[PlyCount "69"]
[EventDate "2010.07.03"]
[EventType "swiss"]
[EventRounds "9"]
[EventCountry "FRA"]
[SourceTitle "CBM 137 Extra"]
[Source "ChessBase"]
[SourceDate "2010.09.01"]
[SourceVersion "1"]
[SourceVersionDate "2010.09.01"]
[SourceQuality "1"]

1. e4 e6 2. d4 d5 3. Nd2 Ne7 4. Ngf3 Nd7 5. e5 c5 6. c3 Nc6 7. Bd3 Qb6 8. 0-0 cxd4 9. cxd4 Nxd4 10. Nxd4 Qxd4 11. Nf3 Qb6 12. Qa4 Qb4 13. Qc2 Nc5 14. a3 Qb3 15. Bxh7 Qxc2 16. Bxc2 Bd7 17. Nd4 a5 18. b3 Be7 19. Be3 0-0 20. f4 f5 21. exf6 gxf6 22. Rf3 Rf7 23. Rd1 e5 24. Nf5 Bxf5 25. Bxf5 d4 26. Bf2 Kf8 27. b4 axb4 28. axb4 Na4 29. Be6 Nc3 30. Re1 Rd8 31. Bxf7 e4 32. Rxc3 dxc3 33. Bb3 Bxb4 34. Rxe4 Ra8 35. Kf1 1-0

[Event "Herzliya op"]
[Site "Herzliya"]
[Date "2008.09.05"]
[Round "4"]
[White "Ben Porat, Zeev"]
[Black "Aharon, Ofir"]
[Result "0-1"]
[WhiteElo "2008"]
[BlackElo "2091"]
[PlyCount "94"]
[EventDate "2008.09.02"]
[EventType "swiss"]
[EventRounds "9"]
[EventCountry "ISR"]
[SourceTitle "CBM 126 Extra"]
[Source "ChessBase"]
[SourceDate "2008.11.05"]
[SourceVersion "1"]
[SourceVersionDate "2008.11.05"]
[SourceQuality "1"]

1. f4 d6 2. Nf3 Nf6 3. e3 Nbd7 4. d4 g6 5. Bc4 c6 6. 0-0 Bg7 7. c3 0-0 8. Qe1 Qc7 9. e4 e5 10. fxe5 dxe5 11. Qh4 b5 12. Bb3 c5 13. Be3 Bb7 14. d5 Nh5 15. Ng5 Ndf6 16. Nd2 Bc8 17. h3 c4 18. Bc2 h6 19. Ngf3 Ne8 20. g4 Nf4 21. Bxf4 exf4 22. Rae1 b4 23. Nd4 bxc3 24. bxc3 Qa5 25. N2f3 Qxc3 26. Qf2 Bxd4 27. Nxd4 Qxh3 28. Qxf4 Bxg4 29. Re3 Qh5 30. Rg3 Bd7 31. Ne6 Bxe6 32. Bd1 Bg4 33. Bxg4 Qg5 34. Qf3 Qe5 35. Be6 Qg7 36. Bd7 Nd6 37. Qf4 Qd4+ 38. Re3 Rad8 39. Bc6 c3 40. e5 Nf5 41. Qxd4 Nxd4 42. Rc1 c2 43. Kf2 Rb8 44. Ke1 Rb1 45. Kd2 Rxc1 46. Kxc1 Rb8 47. Kd2 Rb1 0-1

[Event "La Fere op 7th"]
[Site "La Fere"]
[Date "2008.07.11"]
[Round "8"]
[White "Laufer, Maurice"]
[Black "Ben Porat, Zeev"]
[Result "0-1"]
[WhiteElo "1521"]
[BlackElo "2008"]
[PlyCount "65"]
[EventDate "2008.07.05"]
[EventType "swiss"]
[EventRounds "9"]
[EventCountry "FRA"]
[SourceTitle "CBM 125 Extra"]
[Source "ChessBase"]
[SourceDate "2008.09.01"]
[SourceVersion "1"]
[SourceVersionDate "2008.09.01"]
[SourceQuality "1"]

1. f4 e5 2. fxe5 d6 3. Nf3 dxe5 4. e4 Bc5 5. Bc4 Nf6 6. d3 Nc6 7. Qe2 Bg4 8. Be3 Qe7 9. 0-0 Nd4 10. Qd1 Bxf3 11. Rxf3 Nxf3+ 12. Qxf3 Bxe3+ 13. Qxe3 Ng4 14. Qg3 Qc5+ 15. Kf1 Ne3+ 16. Ke2 Nxc2 17. b4 Qd4 18. Na3 Nxa1 19. Nb5 Qb2+ 20. Kf3 0-0-0 21. Kg4 a6 22. Bxf7 axb5 23. Kh3 g6 24. Qe3 Kb8 25. Qc5 Rxd3+ 26. g3 Rd2 27. Qg1 Rf8 28. Bd5 Rff2 29. Qe1 Rxh2+ 30. Kg4 Rhf2 31. Qe3 Rf4+ 32. gxf4 Rg2+ 33. Qg3 0-1

[Event "La Fere op 7th"]
[Site "La Fere"]
[Date "2008.07.07"]
[Round "4"]
[White "Coquelle, Gilbert"]
[Black "Ben Porat, Zeev"]
[Result "0-1"]
[WhiteElo "1780"]
[BlackElo "2008"]
[PlyCount "46"]
[EventDate "2008.07.05"]
[EventType "swiss"]
[EventRounds "9"]
[EventCountry "FRA"]
[SourceTitle "CBM 125 Extra"]
[Source "ChessBase"]
[SourceDate "2008.09.01"]
[SourceVersion "1"]
[SourceVersionDate "2008.09.01"]
[SourceQuality "1"]

1. d4 e6 2. c4 f5 3. Nf3 Nf6 4. Nc3 Be7 5. h3 0-0 6. Bf4 Ne4 7. Qd3 Bb4 8. a3 Bxc3+ 9. bxc3 d6 10. g3 Nd7 11. Bg2 Qe7 12. 0-0 Kh8 13. h4 e5 14. Bg5 Nxg5 15. Nxg5 Rb8 16. f3 h6 17. Nh3 f4 18. Kh2 b6 19. gxf4 exf4 20. Rg1 Qxh4 21. Bf1 Nf6 22. Qg6 Nh5 23. Rb1 Bf5 0-1